Hindi ke sanskritik upanyas (Record no. 17568)

000 -LEADER
fixed length control field 00461nam a22001811a 4500
020 ## - INTERNATIONAL STANDARD BOOK NUMBER
Terms of availability 0.00
040 ## - CATALOGING SOURCE
Original cataloging agency SSUS - Library - Kalady
082 ## - DEWEY DECIMAL CLASSIFICATION NUMBER
Classification number H300 9
Item number CHE/H
100 ## - MAIN ENTRY--PERSONAL NAME
Personal name Chennakesavulu C
245 ## - TITLE STATEMENT
Title Hindi ke sanskritik upanyas
Medium [Text]
260 ## - PUBLICATION, DISTRIBUTION, ETC.
Place of publication, distribution, etc. Kanpur
Name of publisher, distributor, etc. Annapurna
Date of publication, distribution, etc. 2001
300 ## - PHYSICAL DESCRIPTION
Extent 206p.
600 ## - SUBJECT ADDED ENTRY--PERSONAL NAME
Personal name Literature Hindi
600 ## - SUBJECT ADDED ENTRY--PERSONAL NAME
Personal name Literature
600 ## - SUBJECT ADDED ENTRY--PERSONAL NAME
Personal name Novel Hindi Criticism
852 ## - LOCATION
-- 350.00
--
942 ## - ADDED ENTRY ELEMENTS (KOHA)
Koha item type Book
Holdings
Withdrawn status Lost status Source of classification or shelving scheme Damaged status Not for loan Permanent Location Current Location Shelving location Date acquired Cost, normal purchase price Total Checkouts Full call number Barcode Date last seen Cost, replacement price Price effective from Koha item type
Write off     Damaged Not For Loan Sree Sankaracharya University of Sanskrit Sree Sankaracharya University of Sanskrit Binding 08.01.2015 350.00   H300 9 CHE/H 041816 08.01.2015 0.00 08.01.2015 Book